000 00445 a2200133 4500
001 ART_11813
005 20260410161900.0
008 260409a
245 1 0 _aEfficiency-inducing taxation for a monopolistically supplied depletable resource
100 1 _aBergstrom, Theodore C.
700 1 _aCross, John G.
700 1 _aPorter, Richard C.
773 0 _tJournal of public economics
_g- Vol. 15, NÂș 1 (feb. 1981)
_wREV11485
999 _c25859
_d25859